La mosquee de Amr Ibn al-As, a Fustat /

محفوظ في:

المؤلف الرئيسي: Ahmad, Mahmud.

التنسيق: كتاب

اللغة: French

منشور في: Le Caire : Imprimerie Nationale, 1939

الموضوعات:

الوسوم: إضافة وسم

لا توجد وسوم, كن أول من يضع وسما على هذه التسجيلة!

رقم الطلب: NA6053.A5 M314

LEADER 00604cam a2200193Mc 4500
001 on1075227307
003 OCoLC
005 20240131130649.0
008 110411s1939 ua a 000 0 fre d
050 4 |a NA6053.A5  |b M314 
100 1 |a Ahmad, Mahmud. 
245 1 3 |a La mosquee de Amr Ibn al-As, a Fustat /  |c par Mahmud Ahmad. 
264 1 |a Le Caire :  |b Imprimerie Nationale,  |c 1939 
300 |a x, 56 pages :  |b zahlreiche Illustrationen ;  |c 24 cm 
336 |a Text  |b txt  |2 rdacontent 
337 |a ohne Hilfsmittel zu benutzen  |b n  |2 rdamedia 
338 |a Band  |b nc  |2 rdacarrier 
650 0 |a Mosques  |z Egypt 
999 |c 55759  |d 55759